000
00296nam a22001337a 4500
008
170309b xxu||||| |||| 00| 0 eng d
020
_a
9780673994844
041
_a
eng
080
_a
611
100
_a
6
101
_a
shm
245
_a
ATLAS OF THE HUMAN SKELETON
_c
TORTORA, G.J
942
_2
udc
_c
BK
999
_c
7319
_d
7319